British Line of Succession Quiz Stats

 Plays Quiz not verified by Sporcle

Challenge
Share
Tweet
Embed
Score 0/13 Timer 04:00
0 Plays Today
Order Member of the Royal family % Correct
1st in line of successionHRH The Prince of Wales
99.2%
2nd in line of successionHRH The Duke of Cambridge
99.2%
3rd n line of successionHRH Prince Henry of Wales
99.2%
7th in line of successionHRH The Earl of Wessex
93.3%
4th in line of successionHRH The Duke of York
92.4%
10th in line of successionHRH The Princess Royal
91.6%
5th in line of successionHRH Princess Beatrice of York
89.1%
6th in line of successionHRH Princess Eugenie of York
86.6%
13th in line of successionZara Tindall
80.7%
11th in line of successionPeter Phillips
73.9%
9thin line of successionLady Louise Windsor
69.7%
8th in line of successionViscount Severn
68.1%
12th in line of successionSavannah Phillips
66.4%

You're not logged in!

Compare scores with friends on all Sporcle quizzes.
Join for Free
OR
Log In

You Might Also Like...

Show Comments

Extras

Top Quizzes Today


Score Distribution

Your Account Isn't Verified!

In order to create a playlist on Sporcle, you need to verify the email address you used during registration. Go to your Sporcle Settings to finish the process.

Report this User

Report this user for behavior that violates our Community Guidelines.

Details: